[Event "ch-HUN U20"]
[Site "Budapest HUN"]
[Date "2004.04.05"]
[Round "1"]
[White "Szabo,Ba"]
[Black "Banusz,T"]
[Result "0-1"]
[WhiteElo "2141"]
[BlackElo "2379"]

1.d4 d5 2.c4 c6 3.Nf3 Nf6 4.Qc2 dxc4 5.Qxc4 Bf5 6.Nc3 e6 7.g3 Nbd7 8.Bg2 Be7
9.O-O O-O 10.e3 h6 11.Qe2 Ne4 12.Nd2 Nxc3 13.bxc3 e5 14.e4 Bh7 15.Nc4 Qc7
16.f4 f6 17.Rd1 Rad8 18.Ne3 Kh8 19.fxe5 fxe5 20.Bb2 Rfe8 21.Rf1 Nf6 22.Nf5 Bf8
23.Rae1 Bxf5 24.Rxf5 Rd7 25.Ref1 b5 26.g4 Nh7 27.dxe5 Bc5+ 28.Kh1 Rxe5 29.c4 Bd4
30.cxb5 c5 31.Bc1 Re8 32.Bf4 Be5 33.Bxe5 Rxe5 34.Qb2 Rde7 35.Qc3 Nf6 36.Qg3 c4
37.g5 hxg5 38.Qxg5 Rxf5 39.Rxf5 c3 40.Rf1 Re5 41.Qg3 c2 42.Rc1 Qd6 43.Bf3 Qd3
44.Rg1 g6 45.Qf4 Kg7 46.Qg3 g5 47.Qf2 Nxe4 48.Qxa7+ Kf6 49.Qb6+ Re6  0-1

[Event "It U21"]
[Site "Los Llanos ESP"]
[Date "2004.04.06"]
[Round "5"]
[White "Gonzalez Marrero,J"]
[Black "Drozdovskij,Y"]
[Result "1/2-1/2"]
[WhiteElo "2305"]
[BlackElo "2511"]

1.d4 Nf6 2.Nf3 d5 3.c4 c6 4.Qc2 dxc4 5.Qxc4 Bf5 6.g3 e6 7.Bg2 Nbd7 8.O-O Be7
9.Nbd2 O-O 10.Qb3 Qb6 11.Nc4 Qxb3 12.axb3 Be4 13.Bf4 c5 14.Bd6 Bxd6 15.Nxd6 Bd5
16.dxc5 Nxc5 17.b4 Nce4 18.Nxe4 Bxe4 19.Ne5 Bxg2 20.Kxg2 Rfd8 21.Nd3 Kf8
22.Ra5 Rd7 23.Rfa1 b6 24.Ra6 Rb7  1/2-1/2

[Event "ch-ISL"]
[Site "Reykjavik ISL"]
[Date "2004.04.06"]
[Round "3.1"]
[White "Thorfinnsson,Br"]
[Black "Gretarsson,H"]
[Result "1-0"]
[WhiteElo "2380"]
[BlackElo "2504"]

1.d4 d5 2.c4 c6 3.Nf3 Nf6 4.Qc2 dxc4 5.e4 b5 6.b3 cxb3 7.axb3 e6 8.Bd2 a5
9.Bd3 Be7 10.O-O Bb7 11.Nc3 b4 12.Na4 h6 13.Rfe1 Nbd7 14.Rad1 Rc8 15.Bc1 Qc7
16.g3 Qb8 17.Qe2 c5 18.Bf4 Qa8 19.d5 exd5 20.e5 Ne4 21.Bxe4 dxe4 22.e6 Nf6
23.exf7+ Kxf7 24.Ne5+ Ke6 25.Qb2 Rcd8 26.Rc1 Qa7 27.Be3 Bd6 28.Nxc5+ Bxc5
29.Rxc5 Qa6 30.Ng6 Rhe8 31.Rc7 Rd7 32.Rec1 Red8 33.h3 Rxc7 34.Rxc7 Rd1+ 35.Kh2 Qb5
36.Re7+  1-0

[Event "It U21"]
[Site "Los Llanos ESP"]
[Date "2004.04.07"]
[Round "7"]
[White "Gonzalez Marrero,J"]
[Black "Zawadzki,S"]
[Result "0-1"]
[WhiteElo "2305"]
[BlackElo "2426"]

1.d4 d5 2.Nf3 Nf6 3.c4 c6 4.Qc2 dxc4 5.Qxc4 Bf5 6.g3 e6 7.Bg2 Nbd7 8.O-O Be7
9.Nbd2 O-O 10.Qb3 Nb6 11.e3 a5 12.Nc4 Nxc4 13.Qxc4 Qb6 14.Nd2 a4 15.Qe2 Rfd8
16.Nc4 Qb5 17.f3 c5 18.e4 cxd4 19.exf5 d3 20.Qe1 Qxc4 21.fxe6 Qxe6 22.Qxe6 fxe6
23.Bd2 Bc5+ 24.Kh1 Bd4 25.f4 a3  0-1

[Event "6th Foxwoods Open"]
[Site "Connecticut USA"]
[Date "2004.04.08"]
[Round "2"]
[White "Fang,J"]
[Black "Gonzalez,Ren"]
[Result "0-1"]
[WhiteElo "2317"]
[BlackElo "2419"]

1.Nf3 d5 2.d4 c6 3.c4 dxc4 4.e3 Bg4 5.Bxc4 e6 6.O-O Nd7 7.Nbd2 Ngf6 8.h3 Bh5
9.b3 Be7 10.Bb2 O-O 11.Re1 c5 12.g4 Bg6 13.Bf1 cxd4 14.Bxd4 Nd5 15.a3 Rc8
16.Nc4 a6 17.e4 N5f6 18.Nfd2 Nc5 19.Be5 b5 20.Ne3 Nfxe4 21.Nxe4 Bxe4 22.b4 Na4
23.Qb3 Bg5 24.Rad1 Qb6 25.Rd6 Qb7 26.Red1 Bf3 27.R1d4 Rc1 28.Rd7 Qa8 29.Qxe6 Bxe3
30.fxe3 Be2 31.Rf4 Rxf1+ 32.Rxf1 Bxf1  0-1

[Event "10th WDB Easter Open"]
[Site "Essen GER"]
[Date "2004.04.12"]
[Round "9"]
[White "Henrichs,T"]
[Black "Curic,D"]
[Result "1-0"]
[WhiteElo "2427"]
[BlackElo "2207"]

1.d4 d5 2.Nf3 Nf6 3.c4 c6 4.Qc2 e6 5.Bg5 Nbd7 6.cxd5 exd5 7.Nc3 Be7 8.e3 O-O
9.Bd3 Re8 10.h3 Ne4 11.Bxe4 dxe4 12.Nxe4 Qa5+ 13.Kf1 Bxg5 14.Nexg5 Nf8 15.Kg1 h6
16.Ne4 Bf5 17.Qc5 Qxc5 18.Nxc5 b6 19.Nb3 Rac8 20.Kh2 Nd7 21.Rhc1 Be6 22.Nbd2 c5
23.a3 Bd5 24.b4 cxd4 25.Nxd4 Ne5 26.e4 Bb7 27.f3 Red8 28.N2b3 Nc4 29.Rc3 a6
30.a4 Nb2 31.Rxc8 Rxc8 32.a5 Rc4 33.b5 bxa5 34.bxa6 Bxa6 35.Rxa5 Ra4 36.Rd5 Nd3
37.Kg3 Ra2 38.Nc5 Nxc5 39.Rxc5 Bf1 40.Nc2 Rb2 41.Ne3 Ba6 42.Rc6 Bb5 43.Rc7 Ba6
44.Rc6 Bb5 45.Rc8+ Kh7 46.Rc7 Kg8 47.h4 Ra2 48.Rc5 Bd7 49.Kf4 Be6 50.g4 Ra3
51.h5 Kh7 52.Rc7 Bb3 53.Rb7 Kg8 54.Rb8+ Kh7 55.Rb4 Be6 56.Nc2 Rc3 57.Nd4 Rc4
58.Rxc4 Bxc4 59.Ke5 Kg8 60.Kd6 Bf1 61.e5 Bg2 62.Ke7 Bh3 63.Nf5 Bg2 64.f4 Bf3
65.Ne3 Be2 66.f5 Bd3 67.Kd8 g6 68.hxg6 fxg6 69.Ke7  1-0

[Event "ch-city"]
[Site "Berlin GER"]
[Date "2004.04.14"]
[Round "6"]
[White "Von Herman,U"]
[Black "Schlemmermeyer,W"]
[Result "1/2-1/2"]
[WhiteElo "2396"]
[BlackElo "2341"]

1.d4 Nf6 2.Nf3 d5 3.c4 c6 4.Qc2 g6 5.Bf4 dxc4 6.Qxc4 Bg7 7.g3 O-O 8.Bg2 Be6
9.Qc1 Bd5 10.Nbd2 Nbd7 11.O-O Rc8 12.Qb1 Nh5 13.Bg5 h6 14.Be3 Nhf6 15.Rd1 Be6
16.Nb3 b6 17.h3 Kh7 18.g4 Nd5 19.Bd2 a5 20.e4 Nc7 21.Nc1 Bc4 22.Qc2 Ba6 23.Be3 Ne6
24.Nd3 Qc7 25.e5 c5 26.d5 Nd4 27.Bxd4 cxd4 28.Qxc7 Rxc7 29.Nxd4 Bxd3 30.Rxd3 Nxe5
31.Rb3 Rfc8 32.Nc6 e6 33.Rxb6 exd5 34.Nxe5 Rc1+ 35.Rxc1 Rxc1+ 36.Bf1 Bxe5
37.Rb5 Rc2 38.Rxd5 f6 39.Bd3 Rxb2 40.a4 Kg7 41.Rxa5 Bd4 42.Rd5 Bxf2+ 43.Kf1 f5
44.gxf5 gxf5 45.a5 Rd2 46.a6 Be3 47.Bc4  1/2-1/2

[Event "ACP Blitz Prelim3"]
[Site "playchess.com INT"]
[Date "2004.04.14"]
[Round "8"]
[White "Raetsky,A"]
[Black "Fressinet,L"]
[Result "1/2-1/2"]
[WhiteElo "2393"]
[BlackElo "2638"]

1.d4 d5 2.c4 c6 3.Nf3 Nf6 4.g3 dxc4 5.Bg2 e6 6.O-O Nbd7 7.a4 b6 8.Qc2 Bb7
9.Qxc4 Be7 10.Nc3 O-O 11.Rd1 Rc8 12.Bf4 c5 13.Ne5 Bxg2 14.Kxg2 cxd4 15.Qxd4 Nxe5
16.Qxe5 Qe8 17.f3 Nd7 18.Qb5 Nc5 19.Bd6 Bxd6 20.Rxd6 Qe7 21.Rad1 Rfd8 22.Rxd8+ Rxd8
23.Rxd8+ Qxd8 24.b4 Nb7 25.Qc6 Nd6 26.a5 bxa5 27.bxa5 h6 28.a6 Nf5 29.Qc5 Qd2
30.Kf2 Nd4 31.Qxa7 Qxc3 32.Qb8+ Kh7 33.a7 Nc6 34.Qb6 Nxa7 35.Qxa7 Qf6 36.Qc5 g6
37.h4 Kg7 38.Qc4 Qb2 39.Ke3 e5 40.Kf2 Kf6 41.Qc6+ Kg7 42.Qc4 Qb6+ 43.Kg2 Qe3
44.Qb5 Qd4 45.Qa6 Kf8 46.Qc8+ Kg7 47.Qa6 Qc5 48.Qd3 Qd4 49.Qa6  1/2-1/2

[Event "ACP Blitz Prelim3"]
[Site "playchess.com INT"]
[Date "2004.04.14"]
[Round "10"]
[White "Raetsky,A"]
[Black "Luther,T"]
[Result "0-1"]
[WhiteElo "2393"]
[BlackElo "2577"]

1.d4 d5 2.c4 c6 3.Nf3 Nf6 4.g3 Bg4 5.Ne5 Nbd7 6.Nxg4 Nxg4 7.e4 Nxf2 8.Kxf2 dxe4
9.Nc3 f5 10.Be3 g6 11.h4 Bg7 12.h5 Nf6 13.Be2 Qb6 14.Qd2 O-O-O 15.d5 Qc7
16.h6 Bf8 17.Qd4 b6 18.Bf4 e5 19.Bxe5 Bc5 20.Bxc7 Bxd4+ 21.Kg2 Kxc7 22.Rac1 Bxc3
23.Rxc3 c5 24.Rf1 Kd6 25.g4 Ke5 26.g5 Ne8 27.a3 Nd6 28.b4 Rc8 29.Rb1 Rc7
30.a4 cxb4 31.Rxb4 Rc5 32.Ra3 Ra5 33.Rb5 Nxb5 34.cxb5 Rc8 35.Ra2 Kf4 36.d6 Kxg5
37.Bd1 Rd8 38.Rd2 Kxh6 39.d7 Kg5 40.Bb3 a6 41.bxa6 Rxa6 42.Rd6 Kf4 43.Be6 Rxa4
44.Rc6 Rd4  0-1

[Event "FSIM April"]
[Site "Budapest HUN"]
[Date "2004.04.15"]
[Round "13"]
[White "Gerard,N"]
[Black "Gikas,B"]
[Result "1/2-1/2"]
[WhiteElo "2283"]
[BlackElo "2271"]

1.d4 d5 2.c4 c6 3.Nf3 dxc4 4.e3 Be6 5.a4 Nf6 6.Na3 Nbd7 7.Nxc4 g6 8.Bd3 Bg7
9.O-O O-O 10.b4 Bxc4 11.Bxc4 Nd5 12.Qb3 N5b6 13.Bd3 e5 14.a5 Nd5 15.e4 Nc7
16.Bg5 Bf6 17.Bh6 Re8 18.Bc4 Qe7 19.d5 cxd5 20.Bxd5 Nxd5 21.Qxd5 Nf8 22.a6 bxa6
23.Rxa6 Bg7 24.Bxg7 Kxg7 25.b5 Rad8 26.Qa2 Rd7 27.Ra1 Red8 28.g3 Qb4 29.Qa4 Qc3
30.Kg2 Qc5 31.Rxa7 Rxa7 32.Qxa7 Qxb5 33.Qc7 Rd7 34.Qc8 f6 35.Ra8 Rf7 36.Rb8 Qd7
37.Qc4 Qc7  1/2-1/2

[Event "ACP Blitz Prelim4"]
[Site "playchess.com INT"]
[Date "2004.04.15"]
[Round "13"]
[White "Lputian,S"]
[Black "Epishin,V"]
[Result "0-1"]
[WhiteElo "2634"]
[BlackElo "2610"]

1.d4 Nf6 2.c4 c6 3.Nf3 d5 4.Nbd2 Bf5 5.Qb3 Qc7 6.e3 e6 7.Bd3 Ne4 8.cxd5 cxd5
9.Ne5 Bd6 10.Nxe4 Bxe4 11.Bxe4 dxe4 12.Nc4 O-O 13.Bd2 Nc6 14.Rc1 Rfc8 15.Nxd6 Qxd6
16.O-O Rc7 17.Rc5 Rac8 18.Rfc1 b6 19.R5c2 Ne7 20.g3 Nd5 21.a3 h5 22.h4 Qd7
23.Rc4 Rxc4 24.Rxc4 Rxc4 25.Qxc4 b5 26.Qc2 f5 27.Bb4 Kf7 28.Bc5 a6 29.Qe2 g6
30.Qd2 Qc6 31.Qa5 Qc8 32.b3 Kf6 33.a4 bxa4 34.bxa4 g5 35.hxg5+ Kxg5 36.Qe1 h4
37.gxh4+ Kxh4 38.Kf1 Kg5 39.Ke2 Qb7 40.Qg1+ Kf6 41.Qg3 Qb1 42.Qh4+ Kg6 43.Qg3+ Kf7
44.Qd6 Qd3+ 45.Ke1 Qb1+ 46.Ke2 Nc3+ 47.Kd2 Qb2+ 48.Ke1 Qe2+  0-1

[Event "ACP Blitz Prelim4"]
[Site "playchess.com INT"]
[Date "2004.04.15"]
[Round "13"]
[White "Fridman,D2"]
[Black "Polaczek,R"]
[Result "1-0"]
[WhiteElo "2594"]
[BlackElo "2426"]

1.d4 d5 2.Nf3 Nf6 3.c4 c6 4.Qc2 e6 5.g3 Nbd7 6.Bg2 Be7 7.O-O O-O 8.b3 b6
9.Rd1 Bb7 10.Nc3 Rc8 11.e4 b5 12.exd5 exd5 13.c5 Re8 14.b4 a5 15.a3 Ra8 16.Bf4 Nf8
17.Ne5 Ng6 18.Be3 Nxe5 19.dxe5 Ng4 20.Bd4 f6 21.e6 Ne5 22.f4 Nc4 23.Bf1 g6
24.Bd3 f5 25.Bxf5 Bf6 26.Bxg6 Bxd4+ 27.Rxd4 axb4 28.Bxe8 Qxe8 29.f5 bxc3
30.Rg4+ Kf8 31.Qxc3  1-0

[Event "It"]
[Site "Indjija SCG"]
[Date "2004.04.16"]
[Round "6"]
[White "Ilincic,Z"]
[Black "Klasan,V"]
[Result "1/2-1/2"]
[WhiteElo "2538"]
[BlackElo "2151"]

1.d4 d5 2.c4 c6 3.Nf3 Nf6 4.g3 Bf5 5.Nc3 e6 6.Bg2 Be7 7.O-O O-O 8.Nh4 Bg4
9.h3 Bh5 10.g4 Bg6 11.Nxg6 hxg6 12.Qd3 Nbd7 13.Bf4 dxc4 14.Qxc4 Nb6 15.Qd3 Nfd5
16.Bg3 Qd7 17.a3 Rfd8 18.Rfd1 Rac8 19.Qc2 Bd6 20.Bxd6 Nxc3 21.bxc3 Qxd6 22.c4 Qe7
23.a4 e5 24.a5 Nd7 25.Qe4 Qf6 26.e3 exd4 27.exd4 Nf8 28.d5 cxd5 29.cxd5 Qd6
30.Qe3 b6 31.axb6 axb6 32.Re1 Nd7 33.Qe7 Nf6 34.Ra7 Rd7 35.Rxd7 Qxd7 36.g5 Qxe7
37.Rxe7 Ne8 38.Rb7 Rd8 39.Rxb6 Kf8 40.Rb7 Nd6 41.Rc7 Ke8 42.Kh2 Rd7 43.Rc6 Ke7
44.Kg3 Ra7 45.Rc3 Nf5+ 46.Kf4 Ra4+ 47.Be4 Nd6 48.f3 f5 49.gxf6+ gxf6 50.Ke3 f5
51.Bd3 Kf6 52.f4 g5 53.fxg5+ Kxg5 54.Rc6 f4+ 55.Ke2 Nf5 56.Rc8 Ra2+ 57.Kf3 Nh4+
58.Ke4 Ra4+ 59.Ke5 Nf3+ 60.Ke6 Ne1 61.Rg8+ Kh4 62.Bf1 Re4+ 63.Kf5 Rd4 64.Rg4+ Kh5
65.Ke6 Nf3 66.d6 Nh2 67.Rg1 f3 68.Bb5 f2 69.Rh1 Nf3 70.d7 Ng5+ 71.Ke5 Rd2
72.Kf6 Rd4 73.h4 Nf3 74.Be2 Kg4 75.Bf1 Nxh4 76.Ke7 Nf5+ 77.Ke8 Ng7+ 78.Kf8 Nf5
79.Rh7 Ng3 80.Bh3+ Kf3 81.Rf7+ Ke2 82.Re7+ Kf3 83.Ke8 f1=Q 84.Bxf1 Nxf1 85.d8=Q Rxd8+
86.Kxd8 Nd2 87.Kd7 Kf4 88.Ke6 Nf3 89.Kd5 Ng5 90.Re8 Kf5 91.Rf8+ Kg6 92.Rf1 Nf7
93.Ke6 Ng5+ 94.Ke7 Ne4 95.Rf4 Ng5 96.Rf6+ Kg7 97.Ra6 Ne4 98.Re6 Ng5 99.Rc6 Nf3
100.Rc5 Kg6  1/2-1/2

[Event "It"]
[Site "Indjija SCG"]
[Date "2004.04.18"]
[Round "9"]
[White "Szuhanek,R"]
[Black "Kovacevic,Dj"]
[Result "1/2-1/2"]
[WhiteElo "2424"]
[BlackElo "2074"]

1.Nf3 d5 2.d4 Nf6 3.c4 c6 4.Qc2 g6 5.Bf4 Bg7 6.e3 Bf5 7.Qb3 Qb6 8.Nc3 Nbd7
9.h3 O-O 10.c5 Qxb3 11.axb3 Rfe8 12.b4 a6 13.Ne5 h5 14.Be2 Nf8 15.g4 hxg4
16.hxg4 Be6 17.O-O-O Ne4 18.Nxe4 dxe4 19.Nc4 Bxc4 20.Bxc4 e5 21.Bh6 a5 22.Bxg7 Kxg7
23.b5 cxb5 24.Bxb5 Rec8 25.Kd2 Ne6 26.Bd7 Rc7 27.Bxe6 fxe6 28.Ke2 Kf6 29.f4 exf3+
30.Kxf3 Ra6 31.Ke4 exd4 32.exd4 Kg5 33.d5 exd5+ 34.Rxd5+ Kxg4 35.Rg1+ Kh4
36.Rdg5 Rf6 37.R1g4+ Kh3 38.Rg3+ Kh4 39.Rxg6 Rxg6 40.Rxg6 Rxc5 41.Rb6 Rc7
42.Rb5 a4 43.Kd5 Kg3 44.Rb4 b5 45.Rxb5 Rg7 46.Kc5 Kf2 47.Kb4 Ke3 48.Ka3 Kd4
49.Rb4+ Kc5 50.Rxa4 Rb7 51.Ra6 Kb5 52.Rg6  1/2-1/2

[Event "6th Open"]
[Site "Dubai UAE"]
[Date "2004.04.20"]
[Round "2"]
[White "Izoria,Z"]
[Black "Gupta,Ab"]
[Result "1-0"]
[WhiteElo "2573"]
[BlackElo "2413"]

1.Nf3 d5 2.d4 Nf6 3.c4 c6 4.Qb3 e6 5.Bg5 Nbd7 6.Nc3 Bd6 7.e3 O-O 8.Bd3 Re8
9.O-O h6 10.Bh4 dxc4 11.Bxc4 b5 12.Be2 Bb7 13.Rfd1 Qb8 14.e4 e5 15.dxe5 Bxe5
16.Nxe5 Qxe5 17.Bg3 Qe7 18.Bd6 Qe6 19.Qxe6 Rxe6 20.f3 a5 21.Rd2 Rae8 22.Bf1 Nb6
23.Bc7 Nfd7 24.Rad1 b4 25.Ne2 Bc8 26.Nd4 Rf6 27.Nf5  1-0

[Event "6th Open"]
[Site "Dubai UAE"]
[Date "2004.04.21"]
[Round "3"]
[White "Kuzmin,A"]
[Black "Megaranto,S"]
[Result "0-1"]
[WhiteElo "2567"]
[BlackElo "2458"]

1.d4 d5 2.c4 c6 3.Nf3 Nf6 4.Qc2 dxc4 5.Qxc4 Bf5 6.g3 e6 7.Bg2 Nbd7 8.O-O Be7
9.Qb3 Qb6 10.Nbd2 O-O 11.Nc4 Qxb3 12.axb3 Be4 13.Bf4 Bd5 14.Rfc1 Rfc8 15.Nfd2 Bxg2
16.Kxg2 c5 17.Nd6 Bxd6 18.Bxd6 cxd4 19.Rxa7 h6 20.Rxc8+ Rxc8 21.Nf3 Rc2 22.Nxd4 Rd2
23.Nb5 b6 24.Ba3 Rxe2 25.Kf1 Rd2 26.Nd6 Ne5 27.Nc4 Nxc4 28.bxc4 Ng4 29.Rb7 Rxf2+
30.Ke1 Rc2 31.b3 e5 32.Rxb6 e4 33.Rb8+ Kh7 34.Re8 f5 35.h3 Nf2  0-1

[Event "6th Open"]
[Site "Dubai UAE"]
[Date "2004.04.22"]
[Round "4"]
[White "Kosasih,C"]
[Black "Mchedlishvili,M"]
[Result "0-1"]
[WhiteElo "2406"]
[BlackElo "2543"]

1.d4 d5 2.Nf3 c6 3.c4 Nf6 4.Qc2 dxc4 5.Qxc4 Bg4 6.e3 Nbd7 7.Be2 e6 8.O-O Bd6
9.h3 Bh5 10.Nc3 O-O 11.Rd1 Qc7 12.Qb3 b5 13.e4 e5 14.dxe5 Nxe5 15.Nxe5 Bxe5
16.Bxh5 Nxh5 17.Be3 Nf4 18.Rd2 Rfd8 19.Rad1 a6 20.Bxf4 Bxf4 21.Rd3 g6 22.Ne2 Be5
23.Qc2 Rxd3 24.Rxd3 Rd8 25.b3 Rxd3 26.Qxd3 c5 27.g3 c4 28.bxc4 bxc4 29.Qc2 Qc5
30.Kf1 Qb4 31.f4 Bb8 32.Qd1 Ba7 33.e5 Kg7 34.Qc2 Qc5 35.Ke1  0-1

[Event "TCh-RUS w"]
[Site "Sochi RUS"]
[Date "2004.04.23"]
[Round "4"]
[White "Meleshko,Ann"]
[Black "Avdeeva,V"]
[Result "0-1"]
[WhiteElo "2184"]
[BlackElo "2142"]

1.d4 d5 2.c4 c6 3.Qc2 Nf6 4.Nf3 dxc4 5.Qxc4 Bf5 6.g3 e6 7.Bg2 Nbd7 8.e3 Be7
9.O-O O-O 10.Nc3 Ne4 11.Rd1 Nxc3 12.bxc3 Be4 13.Qe2 Qa5 14.Bb2 Nb6 15.Nd2 Bxg2
16.Kxg2 Qb5 17.Qxb5 cxb5 18.Rac1 Rac8 19.Kf1 Rc7 20.Ke2 Rfc8 21.Nb1 Na4 22.Ba1 b4
23.Kd3 bxc3 24.Nxc3 Ba3 25.Rc2 b5 26.Rdd2 Nxc3 27.Bxc3 Kf8 28.Ba5 Rc6 29.Rxc6 Rxc6
30.Rc2 Ra6 31.Bc7 Ke7 32.Bb8 Bd6 33.Bxd6+ Kxd6 34.e4 Ra3+ 35.Ke2 a5 36.Rb2 b4
37.Rc2 f5 38.f3 g5 39.Rd2 g4 40.fxg4 fxe4 41.g5 Kd5 42.g4 a4 43.Rb2 b3 44.axb3 Rxb3
45.Rc2 a3 46.Rc7 Kxd4 47.Rd7+ Ke5 48.Rxh7 Kf4 49.Rf7+ Kxg5 50.Ra7 Kf4 51.Rf7+ Kxg4
52.h4 a2 53.Ra7 Rh3 54.Ra4 Kf4 55.Kd2 Rxh4 56.Kc3 Rh2 57.Kd4 e3 58.Kd3+ Kf3
59.Ra8 e2 60.Rf8+ Kg2  0-1

[Event "6th Open"]
[Site "Dubai UAE"]
[Date "2004.04.25"]
[Round "7"]
[White "Villamayor,B"]
[Black "Gleizerov,E"]
[Result "1/2-1/2"]
[WhiteElo "2469"]
[BlackElo "2592"]

1.Nf3 d5 2.d4 c6 3.c4 dxc4 4.e4 b5 5.a4 e6 6.b3 Bb4+ 7.Bd2 Bxd2+ 8.Qxd2 Nf6
9.axb5 cxb3 10.Nc3 O-O 11.Bd3 cxb5 12.Nxb5 Ba6 13.e5 Bxb5 14.Bxb5 Nd5 15.O-O Nd7
16.Rfb1 Qc7 17.Rxb3 Rfc8 18.Ng5 Rab8 19.h4 Rb6 20.Bxd7 Qxd7 21.Rf3 f5 22.exf6 Nxf6
23.Rfa3 Rc7 24.Nf3 Qe7 25.Qa2 h6  1/2-1/2

[Event "TCh-RUS w"]
[Site "Sochi RUS"]
[Date "2004.04.26"]
[Round "7"]
[White "Ovod,E"]
[Black "Mashinskaya,I"]
[Result "1/2-1/2"]
[WhiteElo "2373"]
[BlackElo "2253"]

1.d4 d5 2.c4 c6 3.Nf3 dxc4 4.e3 Be6 5.Nc3 b5 6.a4 b4 7.Ne4 Nf6 8.Ned2 g6
9.Bxc4 Bxc4 10.Nxc4 Bg7 11.a5 O-O 12.Nfe5 Nfd7 13.Nd3 Na6 14.Qf3 c5 15.d5 Nc7
16.O-O Nb5 17.Rd1 Nd6 18.Nxd6 exd6 19.Qf4 Ne5 20.Nxe5 Bxe5 21.Qc4 f5 22.Ra2 Qc7
23.b3 Rae8 24.a6 Qg7 25.Ra5 Bc3 26.f3 g5 27.Rb5 Rf7 28.Rf1 Qf8 29.g4 h5 30.gxh5 Qh6
31.Rb7 Qxh5 32.Rf2 f4 33.Qb5 Rfe7 34.Rxe7 Rxe7 35.Qb8+ Re8 36.Qxd6 fxe3 37.Re2 Bg7
38.Qd7 Rf8 39.Qe6+ Kh8 40.Bxe3 Qxf3 41.Rf2 Qd1+ 42.Kg2 Rxf2+ 43.Bxf2 Qxb3
44.Qc8+ Kh7 45.Qf5+ Kg8 46.Qe6+ Kh8 47.Qe8+ Kh7 48.Qe4+ Kg8 49.Qe6+ Kh8  1/2-1/2

[Event "99th NY Masters"]
[Site "New York USA"]
[Date "2004.04.27"]
[Round "1"]
[White "Appelman,H"]
[Black "Stripunsky,A"]
[Result "0-1"]
[WhiteElo "2188"]
[BlackElo "2553"]

1.d4 d5 2.c4 c6 3.Nf3 Nf6 4.Qb3 dxc4 5.Qxc4 Bg4 6.Ne5 Be6 7.Qd3 Nbd7 8.Nxd7 Qxd7
9.Nc3 Rd8 10.e3 Bf5 11.e4 Bg6 12.Be3 e5 13.Rd1 Bb4 14.f3 Qe7 15.Qc4 O-O 16.Be2 Ba5
17.O-O Bb6 18.Bf2 exd4 19.Bxd4 Rxd4 20.Rxd4 Rd8  0-1

[Event "TCh-RUS w"]
[Site "Sochi RUS"]
[Date "2004.04.28"]
[Round "9"]
[White "Meleshko,Ann"]
[Black "Shaidullina,S"]
[Result "1/2-1/2"]
[WhiteElo "2184"]
[BlackElo "2332"]

1.d4 d5 2.c4 c6 3.Qc2 Nf6 4.Nf3 e6 5.g3 dxc4 6.Qxc4 b5 7.Qd3 Bb7 8.Bg2 Qb6
9.O-O c5 10.dxc5 Bxc5 11.a3 Be4 12.Qd1 O-O 13.Nc3 Rd8 14.Qe1 Bc6 15.Bg5 Nbd7
16.Qb1 h6 17.Bxf6 Nxf6 18.Ne5 Bxg2 19.Kxg2 Bd4 20.Nf3 Bxc3 21.bxc3 Rac8 22.Qb2 Ne4
23.Rac1 Qa5 24.Qb4 Qa4 25.Qxa4 bxa4 26.c4 Rc5 27.Rc2 g5 28.Rb1 g4 29.Ne1 Rd2
30.Rb4 Rxc2 31.Nxc2 Nc3 32.Kf1 Kg7 33.Ne3 Ne4 34.Rb7 a6 35.Rb6 a5 36.Rb5 f5
37.f3 gxf3 38.exf3 Rxb5 39.cxb5 Nd6 40.b6 Kf7 41.Nc4 Nb7 42.Nb2 Ke7 43.Nxa4 Kd6
44.Ke2 Kc6 45.Kd3 Kb5 46.Nc3+ Kxb6 47.Kd4 Kc6 48.Ke5 Nd8 49.g4 fxg4 50.fxg4 Kd7
51.Kf6 Ke8 52.Nb5 Kd7 53.Kg6 e5 54.Kxh6 e4 55.Nc3 e3 56.g5 Nf7+ 57.Kg7 Nxg5
58.Kf6 Nf3 59.Ne2 Nxh2 60.Ke5 Kc6 61.Kd4 Nf1 62.a4 Kd6 63.Nc3 Ng3 64.Kxe3 Kc5
65.Kd3 Kb4 66.Kc2 Nf5 67.Kd3 Kb3 68.Kd2 Nd6 69.Kd3 Nc4 70.Kd4 Nb2 71.Ne4 Nxa4
72.Nd2+ Kb4 73.Nc4  1/2-1/2

[Event "It"]
[Site "Zalaegerszeg HUN"]
[Date "2004.04.29"]
[Round "6"]
[White "Portisch,L"]
[Black "Varga,Zo"]
[Result "0-1"]
[WhiteElo "2573"]
[BlackElo "2564"]

1.Nf3 d5 2.d4 c6 3.c4 dxc4 4.e3 Be6 5.a4 Nf6 6.Na3 c5 7.Bxc4 Bxc4 8.Nxc4 Nc6
9.O-O cxd4 10.exd4 e6 11.Bg5 Be7 12.Qb3 Nb4 13.Bxf6 gxf6 14.Ne3 Qd7 15.Rac1 O-O
16.d5 Nxd5 17.Rcd1 Rfd8 18.Nxd5 exd5 19.Nd4 Bc5 20.Qf3 Bxd4 21.Rxd4 Qe6 22.Rf4 Rd6
23.Qh5 f5 24.Rxf5 Rad8 25.Re5 Qh6 26.Qg4+ Qg7 27.Qf4 Rg6 28.g3 Rg4 29.Qe3 Re4
30.Rxd5 Rxd5 31.Qxe4 Qd4 32.Qf3 b5 33.a5 Kg7 34.Re1 a6 35.Kg2 Rd6 36.Re8 Qxb2
37.Qa8 Qc3 38.Rg8+ Kf6 39.Qf8 Qc6+ 40.Kh3 Qd5 41.Qg7+ Ke7 42.Qf8+ Kf6 43.Rg4 Qh5+
44.Rh4 Qf5+ 45.Kg2 Qd5+ 46.f3 Qa2+ 47.Kh3 Qe6+ 48.g4 Ke5 49.Qh8+ Kf4 50.Rh5 Kxf3
51.Rf5+ Qxf5  0-1

[Event "FSIM May"]
[Site "Budapest HUN"]
[Date "2004.05.01"]
[Round "1"]
[White "Kolbus,D"]
[Black "Dimitrijevic,A"]
[Result "0-1"]
[WhiteElo "2296"]
[BlackElo "2292"]

1.d4 d5 2.c4 c6 3.Nf3 Nf6 4.Qc2 g6 5.cxd5 cxd5 6.Nc3 Nc6 7.Bg5 Bg7 8.e3 O-O
9.Bxf6 Bxf6 10.Qb3 e5 11.dxe5 Nxe5 12.Nd4 Nc6 13.Rd1 Bxd4 14.exd4 Bg4 15.Be2 Bxe2
16.Kxe2 Qf6 17.Nxd5 Nxd4+ 18.Kf1 Qe5 19.Qe3 Qxd5 20.Qxd4 Qxa2 21.h4 Rad8
22.Qxd8 Rxd8 23.Rxd8+ Kg7 24.Rh3 Qb1+ 25.Ke2 Qxb2+ 26.Rd2 Qb5+ 27.Rdd3 h5
28.Re3 a5 29.g3 a4 30.Kd2 Qb2+ 31.Ke1 b5 32.Rd2 Qb4 33.Kd1 Qb1+ 34.Ke2 b4
35.Rd1 Qc2+ 36.Rd2 Qc4+ 37.Kd1 a3 38.Rc2 Qf1+ 39.Re1 Qd3+ 40.Rd2 Qb1+ 41.Ke2 a2
42.Rdd1 Qc2+ 43.Kf1 Qxd1 44.Rxd1 b3  0-1

[Event "Capablanca Mem Mixto"]
[Site "Havana CUB"]
[Date "2004.05.06"]
[Round "1"]
[White "Groffen,H"]
[Black "Marrero,Y"]
[Result "1-0"]
[WhiteElo "2207"]
[BlackElo "2271"]

1.d4 d5 2.c4 c6 3.Nf3 Nf6 4.Qc2 g6 5.e3 Bg7 6.Bd3 O-O 7.Nbd2 a6 8.b3 b5 9.Bb2 Nbd7
10.a4 bxc4 11.bxc4 c5 12.O-O Re8 13.a5 cxd4 14.exd4 Bb7 15.c5 Nb8 16.Qb3 Qc8
17.Ne5 Nc6 18.Ndf3 Rb8 19.Bc3 Nxe5 20.Nxe5 Ng4 21.Nxg4 Qxg4 22.Qa4 Rec8 23.Rab1 e5
24.Rb6 exd4 25.Bd2 Be5 26.c6 Ba8 27.Bxa6 Rxb6 28.Bxc8 Qh5 29.f4 Rxc6 30.Bd7 Rc4
31.Qa3 Bg7 32.Qe7 Bf8 33.Qe8 Bb7 34.f5 d3 35.fxg6 Qxg6 36.Rf3 Re4 37.Qb8 Qd6
38.Qxb7 Qc5+ 39.Kf1 Qc2 40.Ba4 Re7 41.Bxc2 Rxb7 42.Bxd3 Bb4 43.Bh6 Bd6 44.a6 Rb4
45.Re3 f6 46.a7  1-0

[Event "TCh-SCG"]
[Site "Petrovac SCG"]
[Date "2004.05.18"]
[Round "3"]
[White "Jeremic,V"]
[Black "Jovanovic,Zo1"]
[Result "1-0"]
[WhiteElo "2490"]
[BlackElo "2360"]

1.d4 d5 2.c4 c6 3.Nf3 Nf6 4.Qc2 dxc4 5.Qxc4 Bf5 6.g3 e6 7.Bg2 Nbd7 8.O-O Be7
9.Nc3 O-O 10.Re1 Ne4 11.Bf4 Nxc3 12.bxc3 Be4 13.Qb3 c5 14.Red1 Qc8 15.Ne1 Bxg2
16.Nxg2 Re8 17.a4 b6 18.h4 Bf8 19.a5 Be7 20.Ne3 bxa5 21.Rxa5 Bd8 22.Rb5 cxd4
23.cxd4 Nb6 24.h5 h6 25.Be5 Qc6 26.Ra1 Nd7 27.Nc4 Be7 28.Rb7 Nxe5 29.Nxe5 Qe4
30.Raxa7 Rxa7 31.Rxa7 Qxe2 32.Qf3 Qxf3 33.Nxf3 Bf6 34.Rd7 Rc8 35.d5 e5 36.Nd2 Kf8
37.Ne4 Ke8 38.Rb7 Rd8 39.Rb5 Kd7 40.Kg2 Be7 41.g4 Rc8 42.Kf3 Rc7 43.Ng3 Rc3+
44.Kg2 g6 45.hxg6 fxg6 46.Rb6 h5 47.Rxg6 hxg4 48.Nf5 Bc5 49.Rg7+ Kd8 50.Ng3 Rd3
51.Rg8+ Kc7 52.Rg7+ Kb8 53.Ne4 Rxd5 54.Nf6 Bf8 55.Rg8 Rd8 56.Rxf8 Rxf8 57.Nd7+ Kc7
58.Nxf8 Kd6 59.Kg3 Kd5 60.Ng6 Kd4 61.Nh4 e4 62.Nf5+ Kd3 63.Ne3  1-0

[Event "TCh-NED"]
[Site "Enschede NED"]
[Date "2004.05.21"]
[Round "2"]
[White "Doettling,F"]
[Black "L'Ami,E"]
[Result "1/2-1/2"]
[WhiteElo "2532"]
[BlackElo "2478"]

1.d4 d5 2.c4 c6 3.Nf3 Nf6 4.Qb3 dxc4 5.Qxc4 Bf5 6.g3 e6 7.Bg2 Nbd7 8.Nc3 Be7
9.Qb3 Qb6 10.Nd2 O-O 11.O-O e5 12.d5 cxd5 13.Nxd5 Nxd5 14.Qxd5 Rab8 15.Nb3 Be6
16.Qa5 Nc5 17.Be3 Nxb3 18.axb3 Qxb3 19.Bxa7 Rbd8 20.Qxe5 Bf6 21.Qe3 Qxb2
22.Rab1 Qa2 23.Rxb7  1/2-1/2

[Event "TCh-SCG"]
[Site "Petrovac SCG"]
[Date "2004.05.21"]
[Round "6"]
[White "Tosic,M"]
[Black "Ivanovic,B"]
[Result "1/2-1/2"]
[WhiteElo "2475"]
[BlackElo "2439"]

1.d4 d5 2.c4 c6 3.Nf3 Nf6 4.Nbd2 g6 5.g3 Bg7 6.Bg2 O-O 7.O-O Na6 8.b3 Ne4
9.Bb2 Bf5 10.Nh4 Nxd2 11.Qxd2 Be6 12.Rac1 Qb6 13.cxd5 cxd5 14.Nf3 Rac8 15.Ba3 Rfe8
16.Ne5 f6 17.Rxc8 Rxc8 18.Nd3 Qd8 19.Qe3 Rc6 20.Nf4 Nc7 21.Nxe6 Rxe6 22.Qd2 f5
23.e3 Nb5 24.Bb2 Rc6 25.Qb4 Rb6 26.Qa5 e6 27.Rc1 Bf6 28.Bf1 a6 29.Bxb5 axb5
30.b4 Qd6 31.a3 Rc6 32.Qxb5 Rxc1+ 33.Bxc1 Qc7 34.Bd2 Qc2 35.Be1 Qc1 36.Kf1 Qxa3
37.Qxb7 Qd3+ 38.Kg2 Qb1 39.Bc3 Qe4+ 40.Kg1 Qb1+  1/2-1/2

[Event "XII Guillermo Garcia Prem I"]
[Site "Santa Clara CUB"]
[Date "2004.05.23"]
[Round "3"]
[White "Borges Mateos,J"]
[Black "Rodriguez Guerrero,E"]
[Result "1-0"]
[WhiteElo "2426"]
[BlackElo "2407"]

1.d4 Nf6 2.c4 c6 3.Nf3 d5 4.Qc2 g6 5.e3 Bg7 6.Bd3 O-O 7.O-O c5 8.cxd5 cxd4
9.e4 e6 10.Bg5 h6 11.Bh4 g5 12.Bg3 exd5 13.Bc7 Qe7 14.e5 Ne8 15.Bxb8 Rxb8
16.Re1 Qb4 17.Nbd2 Bd7 18.Nb3 Rc8 19.Qd1 Nc7 20.Nbxd4 Rfe8 21.h3 Rcd8 22.Bc2 Ne6
23.a3 Qb6 24.Nf5 Bb5 25.Nd6 Re7 26.Rc1 Rc7 27.Bb3 Rxc1 28.Qxc1 Bc6 29.Qd1 Qc5
30.Qd3 Nf4 31.Qf5 Rf8 32.h4 Ng6 33.hxg5 Nxe5 34.Nxe5 Qxd6 35.Bc2 Re8 36.Qxf7+ Kh8
37.Ng6+ Kh7 38.Ne7+ Kh8 39.Qf5  1-0

[Event "Summer II"]
[Site "Alushta UKR"]
[Date "2004.05.25"]
[Round "5"]
[White "Shtyrenkov,V"]
[Black "Hasangatin,R"]
[Result "1/2-1/2"]
[WhiteElo "2449"]
[BlackElo "2503"]

1.d4 d5 2.c4 c6 3.Nf3 dxc4 4.e3 Be6 5.a4 Nf6 6.Na3 c5 7.Nxc4 Nc6 8.Nce5 Bd5
9.Nxc6 bxc6 10.dxc5 Qa5+ 11.Bd2 Qxc5  1/2-1/2